| 000 | 00370nam a2200157Ia 4500 | ||
|---|---|---|---|
| 008 | 210210b1954 xxu||||| |||| 00| 0 eng d | ||
| 041 | _aeng | ||
| 082 | _a954/112 | ||
| 100 | _aGOLISH (V) | ||
| 245 | _aPrimitive India | ||
| 260 |
_aLondon _bGeorge G Harrap & Co Ltd. _c1954 |
||
| 650 | _aPrimitive | ||
| 650 | _aIndia | ||
| 690 | _aIndian History | ||
| 906 | _a025871 | ||
| 999 |
_c151786 _d151786 |
||